<?xml version="1.0" encoding="UTF-8"?>
<collection xmlns="http://www.loc.gov/MARC21/slim">
 <record>
  <leader>00532nam a22001455a 4500</leader>
  <controlfield tag="001">EUN.um014581</controlfield>
  <controlfield tag="003">AR-BaUNS</controlfield>
  <controlfield tag="005">20050623122856.0</controlfield>
  <controlfield tag="008">041125s1960####ag#a##########000#0#spa#d</controlfield>
  <datafield tag="245" ind1="1" ind2="0">
   <subfield code="a">Equipos electrónicos del año geofísico internacional para radiación cósmica. /</subfield>
   <subfield code="c">Horacio Manifiesto.</subfield>
  </datafield>
  <datafield tag="260" ind1=" " ind2=" ">
   <subfield code="a">Buenos Aires :</subfield>
   <subfield code="b">Comisión Nacional de Energía Atómica,</subfield>
   <subfield code="c">1960.</subfield>
  </datafield>
  <datafield tag="300" ind1=" " ind2=" ">
   <subfield code="a">23 p. :</subfield>
   <subfield code="b">ilus. ;</subfield>
   <subfield code="c">25,5 cm.</subfield>
  </datafield>
  <datafield tag="100" ind1="1" ind2=" ">
   <subfield code="a">Manifiesto, Horacio.</subfield>
  </datafield>
  <datafield tag="082" ind1="0" ind2="4">
   <subfield code="a">621.38</subfield>
  </datafield>
  <datafield tag="859" ind1=" " ind2=" ">
   <subfield code="a">Ar-BaUNS</subfield>
   <subfield code="b">BIB. CENTRAL - Sector C</subfield>
   <subfield code="h">621.38</subfield>
   <subfield code="i">M314</subfield>
   <subfield code="p">1439/960</subfield>
  </datafield>
 </record>
</collection>
